F1 Runners Up Since 2000 - Statistics

General Stats
  • This quiz has been taken 826 times
    195 since last reset
  • The average score is 15 of 16
Answer Stats
Answer % Correct
Lewis Hamilton
100%
Lando Norris
99%
Max Verstappen
99%
Sebastian Vettel
99%
Michael Schumacher
98%
Sergio Perez
98%
Valtteri Bottas
98%
Charles Leclerc
97%
Fernando Alonso
96%
Nico Rosberg
96%
Kimi Räikkönen
93%
Felipe Massa
91%
Mika Hakkinen
90%
Jenson Button
89%
Rubens Barrichello
81%
David Coulthard
73%
No matching quizzes found
Score Distribution
Percent of People with Each Score
Percentile by Number Answered
Your Score History
You have not taken this quiz since the last reset